| 000 | 00444nam a22001697a 4500 | ||
|---|---|---|---|
| 999 |
_c192962 _d192962 |
||
| 005 | 20221012110739.0 | ||
| 010 | _aENG-135351 | ||
| 020 |
_c250.00 _a9788193708811 |
||
| 035 | _aEN-118883 | ||
| 037 | _bDBAD/PUB | ||
| 082 | _a005.43 | ||
| 245 | _aStandard operating procedures/ | ||
| 260 |
_c2018 _bBlue Hill Publishers _aCoimbatore |
||
| 270 | _bCoimbatore | ||
| 300 |
_a51p. _c20cm(Pbk) |
||
| 942 |
_2ddc _cEN _mSTA _h005.43 |
||